[Event "DVM U10 2017"]
[Site "Magdeburg GER"]
[Date "2017.12.28"]
[Round "5"]
[White "Dadasov, Namiq"]
[Black "Schmidt, Boris"]
[Result "0-1"]
[Termination "normal"]
[Board "4.4"]
[WhiteElo "1029"]
[BlackElo "1145"]
[WhiteClock "00:03:41"]
[BlackClock "00:19:39"]
[WhiteTeam "SV Empor Berlin 1"]
[BlackTeam "Düsseldorfer SV"]
[PlyCount "130"]
[BlackFideId "16238036"]
[EventCountry "GER"]
[EventRounds "7"]
[EventType "team-swiss"]
[EventDate "2017.12.27"]

1. d4 {[%clk 0:59:57]} d5 {[%clk 0:59:56]} 2. Bf4 {[%clk 0:59:45]} e6 {[%clk
0:59:50]} 3. e3 {[%clk 0:59:34]} Nf6 {[%clk 0:59:43]} 4. Nf3 {[%clk 0:58:58]}
Be7 {[%clk 0:59:32]} 5. c4 {[%clk 0:57:46]} O-O {[%clk 0:59:24]} 6. Nc3 {[%clk
0:57:30]} Nbd7 {[%clk 0:59:20]} 7. Bd3 {[%clk 0:57:13]} b6 {[%clk 0:59:14]} 8.
Qc2 {[%clk 0:55:56]} Bb7 {[%clk 0:58:52]} 9. Bg5 {[%clk 0:55:36]} g6 {[%clk
0:58:48]} 10. b3 {[%clk 0:50:45]} dxc4 {[%clk 0:57:19]} 11. Bxf6 {[%clk
0:49:50]} Bxf6 {[%clk 0:57:09]} 12. Be4 {[%clk 0:49:42]} cxb3 13. axb3 {[%clk
0:49:04]} Bxe4 {[%clk 0:51:53]} 14. Qxe4 {[%clk 0:47:49]} c5 {[%clk 0:49:35]}
15. Nb5 {[%clk 0:46:24]} a6 {[%clk 0:47:13]} 16. Nd6 {[%clk 0:43:57]} Bg7
{[%clk 0:46:44]} 17. Qf4 {[%clk 0:42:06]} Nf6 {[%clk 0:44:07]} 18. Ng5 {[%clk
0:41:17]} Nd5 {[%clk 0:43:29]} 19. Qh4 {[%clk 0:40:32]} h6 {[%clk 0:43:07]} 20.
Nde4 {[%clk 0:37:02]} hxg5 21. Nxg5 {[%clk 0:36:54]} Nf6 {[%clk 0:41:04]} 22.
Rd1 {[%clk 0:35:37]} cxd4 {[%clk 0:40:26]} 23. Rxd4 {[%clk 0:35:19]} Qe7 {[%clk
0:39:36]} 24. e4 {[%clk 0:34:55]} Nh5 {[%clk 0:39:02]} 25. Rd3 {[%clk 0:32:46]}
Bh6 {[%clk 0:36:49]} 26. f4 {[%clk 0:27:58]} Nxf4 {[%clk 0:35:44]} 27. Qxh6
{[%clk 0:25:49]} Nxd3+ {[%clk 0:35:34]} 28. Ke2 {[%clk 0:24:35]} Nf4+ {[%clk
0:35:22]} 29. Kf3 {[%clk 0:23:30]} f6 {[%clk 0:35:02]} 30. Nh3 {[%clk 0:22:16]}
Nxh3 31. gxh3 {[%clk 0:22:04]} Qh7 {[%clk 0:34:09]} 32. Qf4 {[%clk 0:20:41]}
Qxh3+ {[%clk 0:33:47]} 33. Kf2 {[%clk 0:18:45]} f5 {[%clk 0:33:27]} 34. e5
{[%clk 0:18:39]} Qxb3 {[%clk 0:32:52]} 35. Qh6 {[%clk 0:18:17]} Kf7 {[%clk
0:31:53]} 36. Rg1 {[%clk 0:16:32]} Qb2+ {[%clk 0:31:12]} 37. Ke3 {[%clk
0:15:04]} Qxe5+ {[%clk 0:30:30]} 38. Kf2 {[%clk 0:14:41]} Qg7 {[%clk 0:28:37]}
39. Qf4 {[%clk 0:14:13]} e5 {[%clk 0:27:30]} 40. Qc4+ {[%clk 0:13:43]} Ke7
{[%clk 0:27:05]} 41. Qc7+ {[%clk 0:13:30]} Kf6 {[%clk 0:26:08]} 42. Qd6+ {[%clk
0:12:42]} Kf7 {[%clk 0:25:59]} 43. Qd5+ {[%clk 0:12:23]} Ke8 {[%clk 0:25:11]}
44. Rd1 {[%clk 0:11:07]} Qe7 {[%clk 0:23:37]} 45. Qc6+ {[%clk 0:09:31]} Kf7
{[%clk 0:23:26]} 46. Qd5+ {[%clk 0:08:30]} Kg7 {[%clk 0:23:25]} 47. Qg2 {[%clk
0:07:55]} Qc5+ {[%clk 0:23:21]} 48. Kf1 {[%clk 0:07:09]} Qc4+ 49. Ke1 {[%clk
0:06:43]} Qe4+ {[%clk 0:22:52]} 50. Kf1 {[%clk 0:06:33]} Qxg2+ {[%clk 0:22:42]}
51. Kxg2 {[%clk 0:05:34]} a5 {[%clk 0:22:34]} 52. Kf3 {[%clk 0:05:26]} b5
{[%clk 0:22:27]} 53. Rd7+ {[%clk 0:05:18]} Kh6 {[%clk 0:22:19]} 54. Rd5 {[%clk
0:04:55]} e4+ 55. Ke3 {[%clk 0:04:52]} a4 {[%clk 0:22:04]} 56. Rxb5 {[%clk
0:04:50]} Rfd8 {[%clk 0:21:48]} 57. h4 {[%clk 0:04:41]} a3 {[%clk 0:21:43]} 58.
Rb6 {[%clk 0:04:37]} a2 {[%clk 0:21:34]} 59. h5 {[%clk 0:04:35]} Kxh5 {[%clk
0:21:27]} 60. Rb2 a1=Q 61. Rh2+ Kg5 {[%clk 0:20:20]} 62. Rg2+ {[%clk 0:04:14]}
Kf6 {[%clk 0:20:08]} 63. Rc2 {[%clk 0:04:00]} Qe1+ {[%clk 0:19:55]} 64. Re2
Ra3+ 65. Kf4 {[%clk 0:03:41]} Qh4# {[%clk 0:19:39]} 0-1

[Event "DVM U10 2017"]
[Site "Magdeburg GER"]
[Date "2017.12.29"]
[Round "7"]
[White "Nitsche, Nikolai"]
[Black "Klühs, Gustaf"]
[Result "1/2-1/2"]
[Termination "normal"]
[Board "1.1"]
[WhiteElo "1612"]
[BlackElo "1763"]
[WhiteClock "00:21:38"]
[BlackClock "00:37:33"]
[WhiteTeam "SV Empor Berlin 1"]
[BlackTeam "SC Borussia 1920 Friedrichsfelde"]
[PlyCount "48"]
[WhiteFideId "16221036"]
[BlackFideId "16228936"]
[EventCountry "GER"]
[EventRounds "7"]
[EventType "team-swiss"]
[EventDate "2017.12.27"]

1. e4 {[%clk 0:59:59]} c5 {[%clk 0:59:52]} 2. Nf3 {[%clk 0:59:51]} Nc6 {[%clk
0:59:49]} 3. d4 {[%clk 0:59:43]} cxd4 {[%clk 0:59:46]} 4. Nxd4 {[%clk 0:59:37]}
Nf6 {[%clk 0:59:42]} 5. Nc3 {[%clk 0:59:22]} e5 {[%clk 0:59:38]} 6. Nf3 {[%clk
0:58:17]} Bb4 {[%clk 0:59:34]} 7. Bd3 {[%clk 0:57:24]} O-O {[%clk 0:59:18]} 8.
O-O {[%clk 0:56:40]} d6 {[%clk 0:59:04]} 9. Bg5 {[%clk 0:55:38]} Bxc3 {[%clk
0:58:49]} 10. bxc3 {[%clk 0:55:24]} Bg4 {[%clk 0:57:43]} 11. Rb1 {[%clk
0:51:34]} b6 {[%clk 0:56:26]} 12. Bb5 {[%clk 0:47:38]} Na5 {[%clk 0:55:36]} 13.
Qe2 {[%clk 0:44:56]} h6 {[%clk 0:53:34]} 14. Bh4 {[%clk 0:42:57]} g5 {[%clk
0:48:58]} 15. Bg3 {[%clk 0:42:48]} Bh5 {[%clk 0:48:41]} 16. Rfd1 {[%clk
0:38:22]} Qc7 {[%clk 0:48:29]} 17. h4 {[%clk 0:34:46]} g4 {[%clk 0:48:15]} 18.
Nh2 {[%clk 0:32:56]} Kh7 {[%clk 0:46:27]} 19. Kh1 {[%clk 0:26:48]} Rad8 {[%clk
0:43:39]} 20. Qe3 {[%clk 0:23:38]} Nb7 {[%clk 0:41:41]} 21. Rd2 {[%clk
0:22:34]} Nc5 {[%clk 0:38:56]} 22. f3 {[%clk 0:22:19]} gxf3 {[%clk 0:38:38]}
23. gxf3 {[%clk 0:21:57]} Rg8 {[%clk 0:37:33]} 24. Rg2 {[%clk 0:21:38]} a6
1/2-1/2

[Event "DVM U10 2017"]
[Site "Magdeburg GER"]
[Date "2017.12.29"]
[Round "7"]
[White "Monninkhoff, Yari"]
[Black "Ermitsch, Magnus"]
[Result "1-0"]
[Termination "normal"]
[Board "1.3"]
[WhiteElo "1207"]
[BlackElo "1466"]
[WhiteClock "00:18:55"]
[BlackClock "00:17:25"]
[WhiteTeam "SV Empor Berlin 1"]
[BlackTeam "SC Borussia 1920 Friedrichsfelde"]
[PlyCount "83"]
[WhiteFideId "16236149"]
[BlackFideId "16234464"]
[EventCountry "GER"]
[EventRounds "7"]
[EventType "team-swiss"]
[EventDate "2017.12.27"]

1. e4 {[%clk 0:59:56]} c5 {[%clk 0:59:41]} 2. Nf3 {[%clk 0:59:44]} e6 {[%clk
0:59:19]} 3. d4 {[%clk 0:59:09]} cxd4 {[%clk 0:58:49]} 4. Nxd4 {[%clk 0:58:33]}
Nc6 {[%clk 0:58:22]} 5. Nc3 Qc7 {[%clk 0:57:35]} 6. Nxc6 {[%clk 0:56:15]} bxc6
{[%clk 0:56:57]} 7. b3 {[%clk 0:55:03]} Nf6 {[%clk 0:56:02]} 8. f3 {[%clk
0:53:55]} Be7 {[%clk 0:55:07]} 9. Bb2 {[%clk 0:53:12]} O-O {[%clk 0:54:36]} 10.
Bd3 {[%clk 0:52:38]} d5 {[%clk 0:54:13]} 11. O-O {[%clk 0:51:22]} Bb7 {[%clk
0:53:06]} 12. Qe2 {[%clk 0:49:54]} Rad8 {[%clk 0:51:44]} 13. Rfe1 {[%clk
0:47:08]} d4 {[%clk 0:50:10]} 14. Nd1 {[%clk 0:46:36]} e5 {[%clk 0:49:56]} 15.
Nf2 {[%clk 0:45:54]} Nh5 {[%clk 0:48:56]} 16. Nh3 {[%clk 0:45:09]} Bc8 {[%clk
0:48:17]} 17. g4 {[%clk 0:41:56]} Bh4 {[%clk 0:47:51]} 18. Rf1 {[%clk 0:40:44]}
Nf6 {[%clk 0:46:14]} 19. Bc1 {[%clk 0:40:11]} h6 {[%clk 0:45:31]} 20. Kh1
{[%clk 0:39:04]} h5 {[%clk 0:44:27]} 21. Rg1 {[%clk 0:38:07]} Qd7 {[%clk
0:43:30]} 22. Ng5 {[%clk 0:36:45]} hxg4 {[%clk 0:42:41]} 23. fxg4 {[%clk
0:34:29]} Nxg4 {[%clk 0:42:10]} 24. Rg2 {[%clk 0:33:45]} Nf2+ {[%clk 0:31:29]}
25. Rxf2 {[%clk 0:32:32]} Bxf2 {[%clk 0:31:18]} 26. Qh5 {[%clk 0:28:54]} Qh3
{[%clk 0:22:53]} 27. Nxh3 {[%clk 0:27:58]} Bxh3 {[%clk 0:22:36]} 28. Qxh3
{[%clk 0:27:48]} Rd6 {[%clk 0:22:05]} 29. Qg2 {[%clk 0:25:49]} Rf6 {[%clk
0:21:32]} 30. Bg5 {[%clk 0:25:13]} Rg6 {[%clk 0:20:25]} 31. Qxf2 {[%clk
0:24:34]} Rxg5 {[%clk 0:20:14]} 32. Rg1 {[%clk 0:24:11]} Rxg1+ 33. Qxg1 {[%clk
0:24:10]} Rd8 {[%clk 0:19:27]} 34. Bc4 {[%clk 0:23:05]} Rd6 {[%clk 0:18:33]}
35. Qg3 {[%clk 0:22:02]} Rf6 {[%clk 0:18:17]} 36. Qxe5 {[%clk 0:21:43]} Rf2
{[%clk 0:18:09]} 37. Qxd4 {[%clk 0:21:12]} Rxc2 {[%clk 0:17:58]} 38. Qxa7
{[%clk 0:20:04]} Rc1+ {[%clk 0:17:42]} 39. Kg2 {[%clk 0:19:33]} Rc2+ {[%clk
0:17:40]} 40. Kf3 {[%clk 0:19:07]} g5 {[%clk 0:17:30]} 41. Qxf7+ {[%clk
0:18:55]} Kh8 {[%clk 0:17:25]} 42. Qg8# 1-0

[Event "DVM U10 2017"]
[Site "Magdeburg GER"]
[Date "2017.12.29"]
[Round "7"]
[White "Zobel, Christian Erik"]
[Black "Pauls, Benjamin"]
[Result "0-1"]
[Termination "normal"]
[Board "1.4"]
[WhiteElo "1332"]
[BlackElo "974"]
[WhiteClock "00:30:36"]
[BlackClock "00:04:37"]
[WhiteTeam "SC Borussia 1920 Friedrichsfelde"]
[BlackTeam "SV Empor Berlin 1"]
[PlyCount "98"]
[WhiteFideId "16259068"]
[EventCountry "GER"]
[EventRounds "7"]
[EventType "team-swiss"]
[EventDate "2017.12.27"]

1. e4 {[%clk 0:59:59]} e5 2. Nf3 {[%clk 0:59:53]} Nc6 {[%clk 0:59:47]} 3. Bc4
{[%clk 0:59:48]} Bc5 {[%clk 0:59:39]} 4. c3 {[%clk 0:59:44]} Nf6 {[%clk
0:59:29]} 5. d3 {[%clk 0:59:41]} h6 {[%clk 0:59:15]} 6. O-O {[%clk 0:59:30]} d6
{[%clk 0:59:05]} 7. Nbd2 {[%clk 0:59:23]} Bg4 {[%clk 0:58:50]} 8. h3 {[%clk
0:59:12]} Bh5 {[%clk 0:58:41]} 9. Re1 {[%clk 0:59:02]} O-O {[%clk 0:48:03]} 10.
Nf1 {[%clk 0:58:13]} d5 {[%clk 0:43:32]} 11. exd5 {[%clk 0:57:46]} Nxd5 {[%clk
0:43:15]} 12. Ng3 {[%clk 0:57:39]} Bg6 {[%clk 0:42:30]} 13. Nxe5 {[%clk
0:57:14]} Nxe5 {[%clk 0:37:38]} 14. Rxe5 {[%clk 0:57:03]} c6 {[%clk 0:36:33]}
15. Bd2 {[%clk 0:53:01]} Qf6 {[%clk 0:35:13]} 16. d4 {[%clk 0:52:38]} Bd6
{[%clk 0:33:26]} 17. Re1 {[%clk 0:49:44]} Rfe8 {[%clk 0:21:48]} 18. Qb3 {[%clk
0:48:53]} Nc7 {[%clk 0:14:53]} 19. Qxb7 {[%clk 0:46:15]} Reb8 {[%clk 0:13:46]}
20. Qxc6 {[%clk 0:45:24]} Rxb2 {[%clk 0:13:28]} 21. Be3 {[%clk 0:44:11]} Re8
{[%clk 0:11:19]} 22. Qa4 {[%clk 0:43:02]} Rxe3 23. Re2 {[%clk 0:38:54]} Bxg3
{[%clk 0:08:53]} 24. Qd1 {[%clk 0:36:40]} Rexe2 {[%clk 0:08:11]} 25. Bxe2
{[%clk 0:34:38]} Qxf2+ {[%clk 0:08:05]} 26. Kh1 {[%clk 0:34:30]} Rxe2 {[%clk
0:07:55]} 27. Qg1 {[%clk 0:34:10]} Qxg1+ {[%clk 0:07:07]} 28. Rxg1 {[%clk
0:34:02]} Re1 {[%clk 0:07:03]} 29. Rxe1 {[%clk 0:33:41]} Bxe1 {[%clk 0:06:58]}
30. c4 {[%clk 0:33:27]} Bc3 {[%clk 0:06:51]} 31. d5 {[%clk 0:33:15]} Nxd5
{[%clk 0:06:39]} 32. cxd5 {[%clk 0:33:09]} Kf8 {[%clk 0:06:30]} 33. Kg1 {[%clk
0:33:00]} Ke7 {[%clk 0:06:24]} 34. Kf2 {[%clk 0:32:55]} Kd6 {[%clk 0:06:18]}
35. Ke3 {[%clk 0:32:46]} Kxd5 {[%clk 0:06:13]} 36. Ke2 {[%clk 0:32:43]} f5
{[%clk 0:06:03]} 37. Kd3 {[%clk 0:32:36]} Ba5 {[%clk 0:05:44]} 38. g3 {[%clk
0:32:23]} f4+ 39. Ke2 {[%clk 0:32:05]} fxg3 {[%clk 0:05:30]} 40. Kf1 {[%clk
0:31:59]} Bb6 {[%clk 0:05:22]} 41. Kg2 {[%clk 0:31:49]} Bc7 {[%clk 0:05:13]}
42. Kf3 {[%clk 0:31:41]} Be4+ {[%clk 0:05:06]} 43. Ke2 {[%clk 0:31:34]} g2
{[%clk 0:04:56]} 44. Kf2 {[%clk 0:31:28]} Bb6+ {[%clk 0:04:45]} 45. Kg3 g1=Q+
46. Kf4 {[%clk 0:31:11]} Qf2+ {[%clk 0:04:42]} 47. Kg4 {[%clk 0:31:02]} Qf5+
{[%clk 0:04:38]} 48. Kg3 {[%clk 0:30:49]} Qf3+ {[%clk 0:04:37]} 49. Kh4 {[%clk
0:30:36]} Bd8# 0-1

[Event "DVM U10 2017"]
[Site "Magdeburg GER"]
[Date "2017.12.29"]
[Round "7"]
[White "Richter, Nicholas"]
[Black "Hänselmann, Hendrik"]
[Result "1-0"]
[Termination "normal"]
[Board "2.1"]
[WhiteElo "1317"]
[BlackElo "1665"]
[WhiteClock "00:44:25"]
[BlackClock "00:17:37"]
[WhiteTeam "USV TU Dresden 1"]
[BlackTeam "Karlsruher SF 1"]
[PlyCount "73"]
[WhiteFideId "16244834"]
[BlackFideId "16232755"]
[EventCountry "GER"]
[EventRounds "7"]
[EventType "team-swiss"]
[EventDate "2017.12.27"]

1. d4 {[%clk 0:59:58]} Nf6 {[%clk 0:59:54]} 2. c4 {[%clk 0:59:52]} e6 {[%clk
0:59:47]} 3. Nc3 {[%clk 0:59:46]} Bb4 {[%clk 0:59:41]} 4. Bg5 {[%clk 0:59:22]}
O-O {[%clk 0:59:06]} 5. Nf3 {[%clk 0:59:09]} d6 {[%clk 0:58:35]} 6. e3 {[%clk
0:58:59]} Nbd7 {[%clk 0:57:40]} 7. Bd3 {[%clk 0:58:46]} b6 {[%clk 0:57:18]} 8.
O-O {[%clk 0:58:31]} Bb7 {[%clk 0:56:01]} 9. a3 {[%clk 0:58:20]} Bxc3 {[%clk
0:55:55]} 10. bxc3 {[%clk 0:58:16]} c5 {[%clk 0:54:47]} 11. Qc2 {[%clk
0:57:53]} Qc7 {[%clk 0:53:09]} 12. Qe2 {[%clk 0:57:13]} Rac8 {[%clk 0:51:53]}
13. Rfd1 {[%clk 0:56:55]} Ne4 {[%clk 0:47:29]} 14. Qc2 {[%clk 0:56:02]} Nxg5
{[%clk 0:45:50]} 15. Nxg5 {[%clk 0:55:51]} h6 {[%clk 0:45:24]} 16. Ne4 {[%clk
0:54:56]} cxd4 {[%clk 0:43:25]} 17. cxd4 {[%clk 0:53:38]} Bxe4 {[%clk 0:42:59]}
18. Bxe4 {[%clk 0:53:27]} Qxc4 {[%clk 0:42:42]} 19. Qb2 {[%clk 0:52:01]} Qc3
{[%clk 0:40:54]} 20. Qb5 {[%clk 0:51:49]} Nf6 {[%clk 0:40:03]} 21. Bd3 {[%clk
0:51:17]} Qc6 {[%clk 0:37:11]} 22. Qb4 {[%clk 0:50:47]} Nd5 {[%clk 0:36:05]}
23. Qb3 {[%clk 0:50:07]} Rfd8 {[%clk 0:27:37]} 24. Rac1 {[%clk 0:49:08]} Qxc1
{[%clk 0:27:20]} 25. Rxc1 {[%clk 0:49:03]} Rxc1+ {[%clk 0:27:16]} 26. Bf1
{[%clk 0:48:58]} Rdc8 {[%clk 0:26:29]} 27. g3 {[%clk 0:48:50]} R8c3 28. Qa4
{[%clk 0:48:15]} Rd3 {[%clk 0:23:22]} 29. Kg2 {[%clk 0:47:55]} Rd2 {[%clk
0:22:57]} 30. Ba6 {[%clk 0:45:41]} Rcc2 {[%clk 0:19:45]} 31. Kh3 {[%clk
0:44:59]} Rxf2 {[%clk 0:19:02]} 32. Qe8+ {[%clk 0:44:53]} Kh7 {[%clk 0:18:56]}
33. Bd3+ {[%clk 0:44:48]} f5 {[%clk 0:18:19]} 34. Bxc2 {[%clk 0:44:40]} Rxc2
{[%clk 0:18:07]} 35. Qxe6 {[%clk 0:44:32]} Nf6 {[%clk 0:17:50]} 36. Qxf5+
{[%clk 0:44:26]} Kh8 {[%clk 0:17:37]} 37. Qxc2 {[%clk 0:44:25]} 0-1

[Event "DVM U10 2017"]
[Site "Magdeburg GER"]
[Date "2017.12.29"]
[Round "7"]
[White "Eichhorn, Valentin"]
[Black "Kempe, Caius Emilian"]
[Result "0-1"]
[Termination "normal"]
[Board "2.2"]
[WhiteElo "1720"]
[BlackElo "1523"]
[WhiteClock "00:34:29"]
[BlackClock "00:48:30"]
[WhiteTeam "Karlsruher SF 1"]
[BlackTeam "USV TU Dresden 1"]
[PlyCount "97"]
[WhiteFideId "16239032"]
[BlackFideId "16246861"]
[EventCountry "GER"]
[EventRounds "7"]
[EventType "team-swiss"]
[EventDate "2017.12.27"]

1. d4 d5 {[%clk 0:59:53]} 2. Nf3 {[%clk 0:59:55]} Bg4 {[%clk 0:59:42]} 3. e3
{[%clk 0:59:45]} Nf6 {[%clk 0:59:30]} 4. c4 {[%clk 0:59:31]} e6 {[%clk
0:59:09]} 5. Nc3 {[%clk 0:59:21]} c5 {[%clk 0:58:51]} 6. cxd5 {[%clk 0:58:40]}
Nxd5 {[%clk 0:58:15]} 7. Nxd5 {[%clk 0:58:12]} Qxd5 {[%clk 0:58:01]} 8. Be2
{[%clk 0:57:54]} Nc6 {[%clk 0:57:35]} 9. Qb3 {[%clk 0:57:33]} Qxb3 {[%clk
0:57:19]} 10. axb3 {[%clk 0:57:27]} cxd4 11. Nxd4 {[%clk 0:56:59]} Bxe2 {[%clk
0:56:35]} 12. Nxe2 {[%clk 0:56:50]} Bb4+ {[%clk 0:56:06]} 13. Nc3 {[%clk
0:56:12]} O-O {[%clk 0:55:33]} 14. O-O {[%clk 0:56:05]} Rfd8 {[%clk 0:55:28]}
15. g3 {[%clk 0:54:39]} f6 {[%clk 0:55:17]} 16. Nb5 {[%clk 0:53:40]} a6 {[%clk
0:54:57]} 17. Nc7 {[%clk 0:53:22]} Rac8 {[%clk 0:54:42]} 18. Nxe6 {[%clk
0:53:07]} Rd3 {[%clk 0:54:22]} 19. Kg2 {[%clk 0:51:55]} Kf7 {[%clk 0:54:10]}
20. Nd4 {[%clk 0:51:38]} Nxd4 {[%clk 0:54:02]} 21. exd4 {[%clk 0:51:28]} Rxd4
{[%clk 0:53:50]} 22. Ra4 {[%clk 0:50:19]} a5 {[%clk 0:53:41]} 23. Be3 {[%clk
0:47:29]} Rd3 {[%clk 0:53:23]} 24. Bb6 {[%clk 0:47:05]} Rxb3 {[%clk 0:53:13]}
25. Bxa5 {[%clk 0:47:02]} Bxa5 {[%clk 0:53:02]} 26. Rxa5 {[%clk 0:46:55]} Rxb2
{[%clk 0:52:55]} 27. Ra7 {[%clk 0:46:43]} Kg6 {[%clk 0:52:43]} 28. h4 {[%clk
0:45:38]} Rb8 {[%clk 0:52:34]} 29. Raa1 {[%clk 0:45:10]} Kf5 {[%clk 0:52:00]}
30. Rab1 {[%clk 0:44:34]} Rxb1 {[%clk 0:51:45]} 31. Rxb1 {[%clk 0:44:29]} Ke4
{[%clk 0:51:34]} 32. Kf1 {[%clk 0:43:49]} Kd3 {[%clk 0:51:29]} 33. Ke1 {[%clk
0:43:21]} b5 {[%clk 0:51:19]} 34. Kd1 {[%clk 0:42:50]} Kc3 {[%clk 0:51:11]} 35.
Kc1 {[%clk 0:42:05]} b4 {[%clk 0:51:05]} 36. Rb2 {[%clk 0:41:32]} h5 {[%clk
0:50:44]} 37. Kb1 {[%clk 0:41:12]} Rd8 {[%clk 0:50:28]} 38. Rc2+ {[%clk
0:40:31]} Kb3 {[%clk 0:50:19]} 39. Rb2+ {[%clk 0:40:05]} Ka4 {[%clk 0:50:07]}
40. Ra2+ {[%clk 0:39:51]} Kb5 {[%clk 0:50:00]} 41. Rc2 {[%clk 0:39:31]} b3
{[%clk 0:49:44]} 42. Re2 {[%clk 0:38:53]} Kc4 {[%clk 0:49:29]} 43. Kc1 {[%clk
0:37:22]} Kc3 {[%clk 0:49:24]} 44. Re3+ {[%clk 0:36:58]} Rd3 {[%clk 0:49:19]}
45. Re2 {[%clk 0:36:07]} g6 {[%clk 0:48:54]} 46. Re6 {[%clk 0:35:16]} b2+
{[%clk 0:48:47]} 47. Kb1 {[%clk 0:34:44]} Rd1+ {[%clk 0:48:40]} 48. Ka2 {[%clk
0:34:29]} Ra1# {[%clk 0:48:30]} 49. Rd6 0-1

[Event "DVM U10 2017"]
[Site "Magdeburg GER"]
[Date "2017.12.29"]
[Round "7"]
[White "Espig, Nils"]
[Black "Kiefhaber, Tobias"]
[Result "1/2-1/2"]
[Termination "normal"]
[Board "2.3"]
[WhiteElo "1424"]
[BlackElo "1370"]
[WhiteClock "00:29:09"]
[BlackClock "00:33:30"]
[WhiteTeam "USV TU Dresden 1"]
[BlackTeam "Karlsruher SF 1"]
[PlyCount "60"]
[WhiteFideId "16236980"]
[BlackFideId "16240693"]
[EventCountry "GER"]
[EventRounds "7"]
[EventType "team-swiss"]
[EventDate "2017.12.27"]

1. e4 {[%clk 0:59:58]} c6 2. d4 d5 {[%clk 0:59:29]} 3. exd5 {[%clk 0:59:46]}
cxd5 {[%clk 0:59:19]} 4. Bd3 {[%clk 0:59:42]} Nc6 {[%clk 0:59:09]} 5. c3 {[%clk
0:58:58]} e5 {[%clk 0:58:55]} 6. dxe5 {[%clk 0:57:45]} Nxe5 {[%clk 0:58:26]} 7.
Be2 {[%clk 0:55:29]} Nf6 {[%clk 0:58:07]} 8. Bf4 {[%clk 0:54:59]} Ng6 {[%clk
0:57:52]} 9. Bg3 {[%clk 0:54:34]} Bd6 {[%clk 0:56:40]} 10. Nd2 {[%clk 0:53:20]}
O-O {[%clk 0:55:57]} 11. Ngf3 {[%clk 0:52:13]} Re8 {[%clk 0:55:24]} 12. O-O
{[%clk 0:51:50]} Bf5 {[%clk 0:54:35]} 13. Nd4 {[%clk 0:51:15]} Be6 {[%clk
0:52:44]} 14. Re1 {[%clk 0:49:26]} Bxg3 {[%clk 0:52:19]} 15. hxg3 {[%clk
0:49:16]} Rc8 {[%clk 0:51:45]} 16. Bb5 {[%clk 0:47:31]} Bd7 {[%clk 0:50:42]}
17. Rxe8+ {[%clk 0:47:07]} Qxe8 {[%clk 0:50:28]} 18. Bxd7 {[%clk 0:47:02]} Qxd7
{[%clk 0:50:18]} 19. Qf3 {[%clk 0:44:01]} Ne5 {[%clk 0:48:59]} 20. Qf5 {[%clk
0:43:24]} Qxf5 {[%clk 0:48:14]} 21. Nxf5 {[%clk 0:43:17]} Re8 {[%clk 0:47:31]}
22. Rd1 {[%clk 0:42:51]} Nd3 {[%clk 0:46:00]} 23. Ne3 {[%clk 0:39:25]} Nxb2
{[%clk 0:45:00]} 24. Rb1 {[%clk 0:39:17]} Nd3 {[%clk 0:42:47]} 25. Rxb7 {[%clk
0:38:41]} h6 {[%clk 0:39:40]} 26. Rxa7 {[%clk 0:37:36]} Rc8 {[%clk 0:39:27]}
27. Ra3 {[%clk 0:37:30]} Rd8 {[%clk 0:35:39]} 28. Kf1 {[%clk 0:31:14]} Ne4
{[%clk 0:35:18]} 29. Nxe4 {[%clk 0:30:40]} dxe4 {[%clk 0:33:42]} 30. Ra4 {[%clk
0:29:09]} Re8 {[%clk 0:33:30]} 1/2-1/2

[Event "DVM U10 2017"]
[Site "Magdeburg GER"]
[Date "2017.12.29"]
[Round "7"]
[White "Fischer, Darja"]
[Black "Eichner, Tim"]
[Result "0-1"]
[Termination "normal"]
[Board "2.4"]
[WhiteElo "1182"]
[BlackElo "1131"]
[WhiteClock "00:48:08"]
[BlackClock "00:48:03"]
[WhiteTeam "Karlsruher SF 1"]
[BlackTeam "USV TU Dresden 1"]
[PlyCount "41"]
[WhiteFideId "16240898"]
[BlackFideId "34617213"]
[EventCountry "GER"]
[EventRounds "7"]
[EventType "team-swiss"]
[EventDate "2017.12.27"]

1. e4 {[%clk 0:59:58]} e5 2. Nf3 {[%clk 0:59:47]} Nc6 {[%clk 0:59:49]} 3. Nc3
{[%clk 0:59:43]} Nf6 {[%clk 0:59:45]} 4. Bb5 {[%clk 0:59:37]} Bd6 {[%clk
0:59:29]} 5. O-O {[%clk 0:59:20]} a6 {[%clk 0:59:23]} 6. Bc4 {[%clk 0:59:10]}
Bc5 {[%clk 0:58:31]} 7. d3 {[%clk 0:58:49]} d6 {[%clk 0:58:19]} 8. Bg5 {[%clk
0:58:38]} h6 {[%clk 0:58:13]} 9. Bh4 {[%clk 0:58:33]} Bg4 {[%clk 0:57:21]} 10.
h3 {[%clk 0:57:32]} Bh5 {[%clk 0:56:55]} 11. Nd5 {[%clk 0:55:42]} Nd4 {[%clk
0:56:15]} 12. c3 {[%clk 0:54:29]} Nxf3+ {[%clk 0:55:54]} 13. gxf3 {[%clk
0:54:11]} Rg8 {[%clk 0:55:09]} 14. Kh1 {[%clk 0:51:44]} g5 {[%clk 0:53:37]} 15.
Bg3 {[%clk 0:50:21]} g4 {[%clk 0:53:13]} 16. fxg4 {[%clk 0:49:48]} Nxg4 {[%clk
0:49:34]} 17. hxg4 {[%clk 0:49:34]} Bxg4 {[%clk 0:49:31]} 18. Qe1 {[%clk
0:49:08]} Bf3+ {[%clk 0:48:19]} 19. Kg1 {[%clk 0:48:51]} Rxg3+ {[%clk 0:48:03]}
20. Kh2 {[%clk 0:48:08]} Qh4# 21. Qd1 0-1